Quarrelsome Academics, Plagues, and Bathing Nuns

Titel: Quarrelsome Academics, Plagues, and Bathing Nuns : Religious Tensions in Early Modern Medical Texts / Karel Černý
Verfasser:
In: Religious violence, confessional conflicts and models for violence prevention in Central Europe (15th-18th centuries), (2017), Seite 131-147
alle Artikel anzeigen
Veröffentlicht: 2017
Format: Aufsatz
Sprache: Englisch
Schlagworte:
Kein Bild verfügbar
X
alg: 43964231
001A    $03025:06-12-18 
001B    $01999:06-12-18 $t23:20:51.000 
001D    $03025:06-12-18 
001U    $0utf8 
001X    $00 
002@    $0Aou 
002C    $aText $btxt $2rdacontent 
002D    $aohne Hilfsmittel zu benutzen $bn $2rdamedia 
002E    $aBand $bnc $2rdacarrier 
003@    $0439642310 
007A    $0439642310 $aHEB 
010@    $aeng 
010E    $erda 
011@    $a2017 
021A    $aQuarrelsome Academics, Plagues, and Bathing Nuns $dReligious Tensions in Early Modern Medical Texts $hKarel Černý 
028A    $BVerfasser $#Černý, K. $4aut $7138297207 $8Černý, Karel$Z1974- [Tp3] $9212701681 
031A    $h131-147 $j2017 
039B    $aEnthalten in $8--Aau--. Religious violence, confessional conflicts and models for violence prevention in Central Europe (15th-18th centuries). - Praha : Historický ústav, 2017. - 383 Seiten. - Illustrationen. - ISBN 978-80-7286-305-1 $x201700000000000869 $9416804446 
044K    $RLiteratur $RText $RWissenschaftliche Literatur $RFachbuch $RNichtfiktionale Prosa $RFachsprache $RTraktat $#Textbooks $#Manuels d'enseignement $#Fachliteratur $#Artesliteratur $#Fachprosa $#Sachprosa $#Sachliteratur $74153493-1 $8Fachliteratur [Ts1] $9085644498 
044K    $#Medicine $#Médecine $#Humanmedizin $#Heilkunst $#Medicine $74038243-6 $8Medizin [Ts1] $9085104442 
044K    $RMacht $#Violence $#Violence $#Violencia $#Gewalt $#Gewalt $74020832-1 $8Gewalt [Ts1] $9085050555 
044K    $RPseudoreligion $#Religion $#Religion $#Religions $74049396-9 $8Religion [Ts1] $9085137758 
044K    $REndemie $RPandemie $#Epidemics $#Épidémies $#Epidemie $#Epidemias $#epidemics $#Disease Outbreaks $#Epidemie $#Epidemie $#Seuche $74137380-7 $8Epidemie [Ts1] $9085514705 
045F    $a200.943710903 $eDDC23BSB 
045F/01 $a200.9 
045F/03 $f0903 
045F/03 $g4371 
045G    $a610.943710903 $eDDC23BSB 
045G/01 $a610.9 
045G/03 $f0903 
045G/03 $g4371 
045R    $aGeschichte 1500-1750 
046L    $aDeutsche Zusammenfassung, Seite 146: Streitsüchtige Akademiker, Seuchen und badende Nonnen. Konfessionelle Spannungen in frühneuzeitlichen medizinischen Texten; tschechische Zusammenfassung, Seiten 146-147: Hašteřiví akademici, mor a koupající se jeptišky. Náboženské pnutí v raněnovověkých medicínských textech 

lok: 43964231 78

exp: 43964231 78 1 #EPN
201B/01 $006-12-18 $t15:19:58.000 
201C/01 $006-12-18 
201U/01 $0utf8 
203@/01 $01035944596 
208@/01 $a06-12-18 $be 
209A/01 $a/ $f000 $x00 
209A/01 $ab*p $x01 
220C/01 $apgar 
244Z/01 $#Böhmische Kronländer $#Länder der Böhmischen Krone $#Sudetenland $#Böhmen $#Mähren $#Mährisch-Schlesien $#Österreichisch-Schlesien $#Tschechische Sozialistische Republik Böhmische Länder $#Tschechei Böhmische Länder $#Země koruny české $74069573-6 $8--Tg1--Böhmische Länder $x01 $9085195553 
247C/01 $82080>Marburg/Lahn, Herder-Institut, Forschungsbibliothek, Bibliographieportal $9336309341
LEADER 00000caa a2200000 c 4500
001 439642310
003 DE-603
005 20181206232051.0
007 tu
008 181206s2017 xx |||| | u00||u|eng c
035 |a (DE-599)HEB439642310 
040 |a DE-603  |b ger  |c DE-603  |d DE-603  |e rda 
041 |a eng 
082 0 4 |8 1\u  |a 200.943710903  |q DE-101  |2 23/BSB 
083 0 |8 2\u  |a 610.943710903  |q DE-101  |2 23/BSB 
085 |8 1\u  |b 200.9 
085 |8 1\u  |z 1  |s 0903 
085 |8 1\u  |z 2  |s 4371 
085 |8 2\u  |b 610.9 
085 |8 2\u  |z 1  |s 0903 
085 |8 2\u  |z 2  |s 4371 
100 1 |a Černý, Karel  |d 1974-  |e Verfasser  |4 aut  |0 (DE-603)212701681  |0 (DE-588)138297207  |2 gnd 
245 0 0 |a Quarrelsome Academics, Plagues, and Bathing Nuns  |b Religious Tensions in Early Modern Medical Texts  |c Karel Černý 
264 0 |c 2017 
336 |a Text  |b txt  |2 rdacontent 
337 |a ohne Hilfsmittel zu benutzen  |b n  |2 rdamedia 
338 |a Band  |b nc  |2 rdacarrier 
546 |a Deutsche Zusammenfassung, Seite 146: Streitsüchtige Akademiker, Seuchen und badende Nonnen. Konfessionelle Spannungen in frühneuzeitlichen medizinischen Texten; tschechische Zusammenfassung, Seiten 146-147: Hašteřiví akademici, mor a koupající se jeptišky. Náboženské pnutí v raněnovověkých medicínských textech 
648 7 |a Geschichte 1500-1750  |2 gnd 
650 7 |a Fachliteratur  |0 (DE-588)4153493-1  |0 (DE-603)085644498  |2 gnd 
650 7 |a Medizin  |0 (DE-588)4038243-6  |0 (DE-603)085104442  |2 gnd 
650 7 |a Gewalt  |0 (DE-588)4020832-1  |0 (DE-603)085050555  |2 gnd 
650 7 |a Religion  |0 (DE-588)4049396-9  |0 (DE-603)085137758  |2 gnd 
650 7 |a Epidemie  |0 (DE-588)4137380-7  |0 (DE-603)085514705  |2 gnd 
773 0 8 |i Enthalten in  |t Religious violence, confessional conflicts and models for violence prevention in Central Europe (15th-18th centuries)  |d Praha : Historický ústav, 2017  |h 383 Seiten, Illustrationen  |z 9788072863051  |z 9783000567650  |g (2017), Seite 131-147  |w (DE-603)416804446 
924 0 |9 2080  |a (DE-603)1035944596  |b DE-2080  |c HES  |d d  |g /